Mou-te avui : ho notaràs demà : espai lúdic i de salut per a la gent gran ho notaràs demà :
Publicado:
Barcelona :
Diputació de Barcelona. Àrea d'Infraestructures, Urbanisme i Habitatge. Servei d'Equipaments i Espai Lúdic ,
2010
Descripción Física:
1 tríptic : il. col. ; 21 cm
MARC
| LEADER | 00000nam a2200000Ia 4500 | ||
|---|---|---|---|
| 001 | 22673 | ||
| 003 | BGR | ||
| 005 | 20260324180044.0 | ||
| 008 | 160829s2010 xx 000 0 cat d | ||
| 080 | |a FU-56-33 | ||
| 245 | |a Mou-te avui : |b ho notaràs demà : |b espai lúdic i de salut per a la gent gran | ||
| 260 | |a Barcelona : |b Diputació de Barcelona. Àrea d'Infraestructures, Urbanisme i Habitatge. Servei d'Equipaments i Espai Lúdic, |c 2010 | ||
| 300 | |a 1 tríptic : |b il. col. ; |c 21 cm | ||
| 650 | 0 | |a Exercici per a persones grans |x Barcelona (Província) |9 44954 | |
| 710 | 1 | |a Barcelona (Catalunya : Província). |b Diputació |b Servei d'Equipaments i Espai Lúdic |9 52408 | |
| 901 | |a Arxiu | ||
| 942 | |n 1 |2 udc |c MON | ||
| 952 | |0 0 |1 0 |4 0 |6 FU5633 |7 1 |9 52279 |a Arxiu |b Arxiu |d 2016-12-01 |l 0 |o FU-56-33 |p 22673 |r 2016-12-01 00:00:00 |w 2016-12-01 |y ARXIU | ||
| 999 | |c 56127 |d 56127 | ||